Online
Catalog

Poemas y biografía de Salomé Ureña / (Record no. 14252)

MARC details
000 -CABECERA
campo de control de longitud fija 01284nam a2200241 a 4500
001 - NÚMERO DE CONTROL
campo de control 000014668
005 - FECHA Y HORA DE LA ÚLTIMA TRANSACCIÓN
campo de control 20240412074241.0
008 - DATOS DE LONGITUD FIJA--INFORMACIÓN GENERAL
campo de control de longitud fija 100118s2006 dr 000 p spa d
020 ## - NÚMERO INTERNACIONAL ESTÁNDAR DEL LIBRO
Número Internacional Estándar del Libro 9945405535
040 ## - FUENTE DE LA CATALOGACIÓN
Centro catalogador/agencia de origen DO-SdBNP
Lengua de catalogación spa
Centro/agencia transcriptor BNPHU
082 ## - NÚMERO DE LA CLASIFICACIÓN DECIMAL DEWEY
Número de clasificación RD861.2
Número de documento/Ítem U75p, 2006
245 00 - MENCIÓN DE TÍTULO
Título Poemas y biografía de Salomé Ureña /
Mención de responsabilidad, etc. Compilación Tomás Castro Burdiez.
260 ## - PUBLICACIÓN, DISTRIBUCIÓN, ETC.
Lugar de publicación, distribución, etc. Santo Domingo :
Nombre del editor, distribuidor, etc. Fundación para la Educación y el Arte,
Fecha de publicación, distribución, etc. 2006.
300 ## - DESCRIPCIÓN FÍSICA
Extensión 80 p. ;
Dimensiones 21 cm.
500 ## - NOTA GENERAL
Nota general Incluye notas al pie de las páginas
505 0# - NOTA DE CONTENIDO CON FORMATO
Título La gloria del progreso --
-- A los dominicanos --
-- Ruinas --
-- La llegada del invierno --
-- La fe en el porvenir --
-- El cantar de mis cantares --
-- Sueños --
-- Sombras --
-- Mi ofrenda a la patria --
-- Melancolía --
-- Padre mío --
-- Luz --
-- A mi madre --
-- Amor y anhelo --
-- En el nacimiento de mi primogénito --
-- En hora de angustia --
-- ¿ Qué es patria ? --
-- Tristezas --
-- Mi pedro --
-- Una esperanza --
-- El ave y el nido --
-- Impresiones --
-- Caridad --
-- Tierra --
-- Biografía.
509 ## - NOTAS INFORMALES (RLIN)
Notas informales Inventariado, 2019/VM
600 10 - PUNTO DE ACCESO ADICIONAL DE MATERIA--NOMBRE DE PERSONA
Nombre de persona Ureña de Henríquez, Salomé ,
Fechas asociadas al nombre 1850-1897
9 (RLIN) 920
650 #0 - PUNTO DE ACCESO ADICIONAL DE MATERIA--TÉRMINO DE MATERIA
Término de materia o nombre geográfico como elemento de entrada Poesía dominicana
9 (RLIN) 66
650 #0 - PUNTO DE ACCESO ADICIONAL DE MATERIA--TÉRMINO DE MATERIA
Término de materia o nombre geográfico como elemento de entrada Literatura dominicana.
9 (RLIN) 67
700 ## - PUNTO DE ACCESO ADICIONAL--NOMBRE DE PERSONA
Nombre de persona Castro, Tomás,
Fechas asociadas al nombre 1959-
9 (RLIN) 24641
910 ## - DATOS DE OPCIÓN DEL USUARIO (OCLC)
Datos de opción del usuario Validado. Control de calidad MFF
Holdings
Estado de retiro Estado de pérdida Restricciones de uso No para préstamo Código de colección Localización permanente Ubicación/localización actual Ubicación en estantería Fecha de adquisición Número de inventario Total de préstamos Signatura topográfica completa Código de barras Fecha visto por última vez Número de copia Precio válido a partir de Tipo de ítem Koha
        Dominicana de Servicio General General Depósito 18.01.2010 LF1   RD861.2 U75p, 2006 14668-30 25.06.2020 e. 3 25.06.2020 Libro y Folleto Colección Dominicana de Servicio
        Dominicana de Servicio General General Depósito 18.01.2010 LF1   RD861.2 U75p, 2006 14668-40 25.06.2020 e. 4 25.06.2020 Libro y Folleto Colección Dominicana de Servicio
      Excluido de préstamo Patrimonio Dominicano Patrimonio Dominicano Patrimonio Dominicano Depósito 18.01.2010 LF1   RD861.2 U75p, 2006 14668-10 25.06.2020   25.06.2020 Libro y Folleto Colección Patrimonio Dominicano
      Excluido de préstamo Patrimonio Dominicano Patrimonio Dominicano Patrimonio Dominicano Depósito 18.01.2010 LF1   RD861.2 U75p, 2006 14668-20 25.06.2020 e. 2 25.06.2020 Libro y Folleto Colección Patrimonio Dominicano

Powered by Koha